LAW OF CONTRACT I & II (Record no. 34095)

MARC details
000 -LEADER
fixed length control field 00319nam a22001457a 4500
003 - CONTROL NUMBER IDENTIFIER
control field SGT
020 ## - INTERNATIONAL STANDARD BOOK NUMBER
International Standard Book Number 9789390735594
082 ## - DEWEY DECIMAL CLASSIFICATION NUMBER
Classification number 346.022
Item number SRI
100 ## - MAIN ENTRY--PERSONAL NAME
Personal name SRIVASTAVA S S
245 ## - TITLE STATEMENT
Title LAW OF CONTRACT I & II
250 ## - EDITION STATEMENT
Edition statement 7
260 ## - PUBLICATION, DISTRIBUTION, ETC. (IMPRINT)
Place of publication, distribution, etc PRAYAGRAJ
Name of publisher, distributor, etc CENTRAL LAW PUBLICATION
Year of Publication 2023
300 ## - PAGE DESCRIPTION
No. of Pages 863
942 ## - ADDED ENTRY ELEMENTS (KOHA)
Source of classification or shelving scheme Dewey Decimal Classification
Koha item type Books
Holdings
Withdrawn status Lost status Source of classification or shelving scheme Damaged status Not for loan Collection code Home library Current library Shelving location Date acquired Vendor Name Cost, normal purchase price SGTU Bill Number Full call number Accession No. (Barcode) Date last seen Bill Date Koha item type Total Checkouts
    Dewey Decimal Classification   Not For Loan LAW SGT Science & Social Sciences Library SGT Science & Social Sciences Library Reference Book 17/02/2026 ZAFFA BOOKS 750.00 SGTU ZBD0421 346.022 SRI FL4061 17/02/2026 04/02/2026 Books  
    Dewey Decimal Classification     LAW SGT Science & Social Sciences Library SGT Science & Social Sciences Library Text Book 17/02/2026 ZAFFA BOOKS 750.00 SGTU ZBD0421 346.022 SRI FL4062 17/02/2026 04/02/2026 Books  
    Dewey Decimal Classification     LAW SGT Science & Social Sciences Library SGT Science & Social Sciences Library Text Book 18/03/2026 ZAFFA BOOKS 750.00 SGTU ZBD0463 346.022 SRI FL4182 18/03/2026 03/03/2026 Books  
    Dewey Decimal Classification     LAW SGT Science & Social Sciences Library SGT Science & Social Sciences Library Text Book 18/03/2026 ZAFFA BOOKS 750.00 SGTU ZBD0463 346.022 SRI FL4183 18/03/2026 03/03/2026 Books  
    Dewey Decimal Classification     LAW SGT Science & Social Sciences Library SGT Science & Social Sciences Library Text Book 18/03/2026 ZAFFA BOOKS 750.00 SGTU ZBD0463 346.022 SRI FL4184 18/03/2026 03/03/2026 Books